00604nam a2200169 a 450000100100000000500170001000800410002704000250006808200150009311000510010824500370015926000720019630000270026804900090029595201130030499900170041700003218620240307073948.0110713s19uu dr a 000 0 spa d aDO-SdBNPbspacBNPHU axxxxbU58a1 aUniversidad Autónoma de Santo Domingo97295110aCurso de técnicas de estudios. a[Santo Domingo :bUniversidad Autónoma de Santo Domingo,c19--?]. a33 p. :bil. ;c20 cm. aBNPD 0010718PDaPDbPDcCTd2011-07-13iLF1l0oxxxx U58ap32186-10r2020-06-25w2020-06-25yLFPDZNo se presta c31677d31677